[Event "Pardubice Czech op-A 28th"]
[Site "Pardubice"]
[Date "2017.07.29"]
[Round "9"]
[White "Potapov, Alexander1111"]
[Black "Bibik, Jura"]
[Result "1-0"]
[WhiteElo "2402"]
[BlackElo "2208"]
[PlyCount "83"]
[EventDate "2017.07.21"]
[EventType "swiss"]
[EventRounds "9"]
[EventCountry "CZE"]
[SourceTitle "CBM 179 Extra"]
[Source "ChessBase"]
[SourceDate "2017.08.23"]
[SourceVersion "1"]
[SourceVersionDate "2017.08.23"]
[SourceQuality "1"]

1. d4 d5 2. c4 c6 3. Nc3 dxc4 4. e3 b5 5. a4 b4 6. Na2 e6 7. Bxc4 Nf6 8. Nf3 Nbd7 9. Bd2 a5 10. Nc1 Bb7 11. Qe2 Be7 12. e4 c5 13. e5 Ne4 14. Bf4 g5 15. Bd3 Nxf2 16. Qxf2 gxf4 17. Ne2 Qb6 18. Nxf4 0-0-0 19. 0-0 cxd4 20. Rac1+ Kb8 21. Bb5 Rhg8 22. Rfd1 Bc5 23. Nd3 Be7 24. g3 h5 25. Nxd4 Rg4 26. Nb3 Qxf2+ 27. Kxf2 Bg5 28. Ra1 Re4 29. Nxa5 Nxe5 30. Nxb7 Ng4+ 31. Kg1 Be3+ 32. Kg2 Kxb7 33. h3 Rc8 34. hxg4 hxg4 35. Ne1 Rc7 36. Bd3 Re5 37. Nc2 Bc5 38. b3 Ka7 39. Bc4 Rh5 40. Nd4 Rc8 41. Nb5+ Kb8 42. Rh1 1-0

[Event "Pardubice Czech op-A 28th"]
[Site "Pardubice"]
[Date "2017.07.21"]
[Round "1"]
[White "Sundararajan, Kidambi"]
[Black "Bibik, Jura"]
[Result "1-0"]
[WhiteElo "2444"]
[BlackElo "2208"]
[PlyCount "63"]
[EventDate "2017.07.21"]
[EventType "swiss"]
[EventRounds "9"]
[EventCountry "CZE"]
[SourceTitle "CBM 179 Extra"]
[Source "ChessBase"]
[SourceDate "2017.08.23"]
[SourceVersion "1"]
[SourceVersionDate "2017.08.23"]
[SourceQuality "1"]

1. Nf3 d5 2. g3 Bg4 3. Bg2 c6 4. c4 e6 5. cxd5 exd5 6. h3 Bh5 7. 0-0 Nf6 8. d3 Bc5 9. Qb3 Qb6 10. Qc2 Nbd7 11. Nc3 Qd8 12. e4 0-0 13. Bf4 Re8 14. Rad1 h6 15. g4 g5 16. Bg3 Bg6 17. Rfe1 dxe4 18. dxe4 Qe7 19. Qb3 b5 20. e5 Nh7 21. e6 fxe6 22. Rxd7 Qxd7 23. Ne5 Qg7 24. Bxc6 Nf8 25. Bxa8 Rxa8 26. Nxg6 Qxg6 27. Qxb5 Bb6 28. Nd5 Qf7 29. Nxb6 axb6 30. a3 Qb7 31. Qe5 Qf3 32. Qc7 1-0

[Event "Pardubice op rapid 28th"]
[Site "Pardubice"]
[Date "2017.07.20"]
[Round "6"]
[White "Bibik, Jura"]
[Black "Dolezal, Radoslav"]
[Result "1/2-1/2"]
[WhiteElo "2208"]
[BlackElo "2380"]
[PlyCount "29"]
[EventDate "2017.07.19"]
[EventType "swiss (rapid)"]
[EventRounds "9"]
[EventCountry "CZE"]
[SourceTitle "CBM 179 Extra"]
[Source "ChessBase"]
[SourceDate "2017.08.23"]
[SourceVersion "1"]
[SourceVersionDate "2017.08.23"]
[SourceQuality "1"]

1. d4 Nf6 2. Nf3 e6 3. Bf4 c5 4. c3 Qb6 5. Qb3 d5 6. e3 Be7 7. Nbd2 0-0 8. Be2 Nc6 9. h3 Bd7 10. 0-0 Rfc8 11. Qxb6 axb6 12. Bd3 h6 13. Rfe1 Kf8 14. a3 Be8 15. Rad1 1/2-1/2

[Event "Pardubice op rapid 28th"]
[Site "Pardubice"]
[Date "2017.07.20"]
[Round "7"]
[White "Cvek, Robert"]
[Black "Bibik, Jura"]
[Result "1-0"]
[WhiteElo "2516"]
[BlackElo "2208"]
[PlyCount "55"]
[EventDate "2017.07.19"]
[EventType "swiss (rapid)"]
[EventRounds "9"]
[EventCountry "CZE"]
[SourceTitle "CBM 179 Extra"]
[Source "ChessBase"]
[SourceDate "2017.08.23"]
[SourceVersion "1"]
[SourceVersionDate "2017.08.23"]
[SourceQuality "1"]

1. d4 c5 2. d5 f5 3. Nc3 g6 4. h4 Nf6 5. h5 Bg7 6. hxg6 hxg6 7. Rxh8+ Bxh8 8. Qd3 d6 9. Qh3 Kf7 10. Nf3 Qg8 11. Ng5+ Ke8 12. e4 Na6 13. Bb5+ Bd7 14. Ne6 Bxb5 15. Nxb5 Nxe4 16. Nbc7+ Nxc7 17. Nxc7+ Kd7 18. Nxa8 Qxa8 19. f3 Nf6 20. Bg5 Nxd5 21. 0-0-0 Qg8 22. c3 Bg7 23. Qh4 b5 24. Qe1 e5 25. Qd2 Kc6 26. c4 bxc4 27. Qa5 Qb8 28. Qa4+ 1-0

[Event "Pardubice op rapid 28th"]
[Site "Pardubice"]
[Date "2017.07.19"]
[Round "3"]
[White "Domogaev, Sergey"]
[Black "Bibik, Jura"]
[Result "1-0"]
[WhiteElo "2395"]
[BlackElo "2208"]
[PlyCount "39"]
[EventDate "2017.07.19"]
[EventType "swiss (rapid)"]
[EventRounds "9"]
[EventCountry "CZE"]
[SourceTitle "CBM 179 Extra"]
[Source "ChessBase"]
[SourceDate "2017.08.23"]
[SourceVersion "1"]
[SourceVersionDate "2017.08.23"]
[SourceQuality "1"]

1. d4 c5 2. d5 f5 3. g3 Nf6 4. Bg2 g6 5. h4 e5 6. dxe6 dxe6 7. Qxd8+ Kxd8 8. Nc3 Nbd7 9. e4 Rb8 10. exf5 gxf5 11. Nf3 Ng4 12. Ng5 Ke7 13. 0-0 Bg7 14. Re1 Be5 15. Bf4 h6 16. Nh3 Kf6 17. Rad1 Bxf4 18. Nxf4 Nge5 19. Rd6 Nf8 20. Ncd5+ 1-0

[Event "Pardubice op rap 26th"]
[Site "Pardubice"]
[Date "2015.07.22"]
[Round "2"]
[White "Malinovsky, Petr"]
[Black "Bibik, Jura"]
[Result "1-0"]
[WhiteElo "2006"]
[BlackElo "2225"]
[PlyCount "61"]
[EventDate "2015.07.22"]
[EventType "swiss (rapid)"]
[EventRounds "9"]
[EventCountry "CZE"]
[SourceTitle "CBM 167 Extra"]
[Source "ChessBase"]
[SourceDate "2015.09.14"]
[SourceVersion "1"]
[SourceVersionDate "2015.09.14"]
[SourceQuality "1"]

1. d4 d5 2. c4 e6 3. Nc3 Nf6 4. cxd5 exd5 5. Bg5 Be7 6. e3 0-0 7. Bd3 c6 8. Qc2 Nbd7 9. Nge2 Re8 10. 0-0 Nf8 11. f3 Nh5 12. Bxe7 Qxe7 13. e4 Nf6 14. e5 N6d7 15. f4 f6 16. Rf3 Nb6 17. Raf1 g6 18. f5 g5 19. Rg3 Kh8 20. e6 c5 21. b3 a6 22. h4 h6 23. Kf2 cxd4 24. Nxd4 Qc5 25. Nce2 Qxc2 26. Bxc2 Rb8 27. Rh1 Kg7 28. Nf4 Nh7 29. hxg5 fxg5 30. Nh5+ Kg8 31. Re1 1-0

[Event "Pardubice op rap 25th"]
[Site "Pardubice"]
[Date "2014.07.17"]
[Round "5"]
[White "Bibik, Jura"]
[Black "Mojzis, Jaroslav"]
[Result "1/2-1/2"]
[WhiteElo "2228"]
[BlackElo "2137"]
[PlyCount "46"]
[EventDate "2014.07.16"]
[EventType "swiss (rapid)"]
[EventRounds "9"]
[EventCountry "CZE"]
[SourceTitle "EXT 2015"]
[Source "ChessBase"]
[SourceDate "2014.11.20"]
[SourceVersion "1"]
[SourceVersionDate "2014.11.20"]
[SourceQuality "1"]

1. d4 Nf6 2. Nf3 e6 3. Bf4 c5 4. c3 b6 5. e3 Bb7 6. h3 Be7 7. Bd3 d6 8. Nbd2 0-0 9. 0-0 Nc6 10. Qe2 h6 11. Rfd1 Re8 12. a4 Bf8 13. Nc4 a6 14. dxc5 e5 15. Nfxe5 Nxe5 16. Bxe5 dxe5 17. Bh7+ Kxh7 18. Rxd8 Raxd8 19. cxb6 Bd5 20. Nd2 Bb7 21. Nc4 Bd5 22. Nd2 Bb7 23. b4 Be4 1/2-1/2

[Event "Pardubice op rap 25th"]
[Site "Pardubice"]
[Date "2014.07.17"]
[Round "9"]
[White "Gadzhiev, Farid"]
[Black "Bibik, Jura"]
[Result "1/2-1/2"]
[WhiteElo "1889"]
[BlackElo "2228"]
[PlyCount "108"]
[EventDate "2014.07.16"]
[EventType "swiss (rapid)"]
[EventRounds "9"]
[EventCountry "CZE"]
[SourceTitle "EXT 2015"]
[Source "ChessBase"]
[SourceDate "2014.11.20"]
[SourceVersion "1"]
[SourceVersionDate "2014.11.20"]
[SourceQuality "1"]

1. e4 e5 2. Nf3 Qe7 3. Nc3 c6 4. Bc4 h6 5. d4 d6 6. a4 Nf6 7. 0-0 g6 8. Be3 Ng4 9. h3 Nxe3 10. fxe3 Nd7 11. dxe5 dxe5 12. Nh2 Nf6 13. Qf3 Bg7 14. Rad1 Be6 15. Bxe6 Qxe6 16. Rd2 0-0 17. Rfd1 h5 18. Rd6 Qe7 19. Qg3 Rad8 20. R6d3 Nd7 21. Nf3 Nc5 22. Rxd8 Rxd8 23. Rxd8+ Qxd8 24. b4 Ne6 25. b5 Qd6 26. Qf2 Bh6 27. Qe2 Qc5 28. Nd1 cxb5 29. axb5 f6 30. Kh2 Kf7 31. c4 Ke7 32. Nc3 Nc7 33. Nd1 a5 34. bxa6 bxa6 35. Nh4 Kf7 36. Qd3 Bf8 37. Nc3 Bd6 38. Nf3 Qa3 39. Qc2 a5 40. Nb5 Qc5 41. Qa4 Nxb5 42. cxb5 Qb4 43. Qa2+ Ke7 44. Qd5 Qc5 45. Qb3 Qb4 46. Qd5 Qc5 47. Qb3 Qb4 48. Qd5 Qc5 49. Qb3 Qb4 50. Qd5 a4 51. Qb7+ Ke8 52. Qc6+ Kf7 53. Qd7+ Be7 54. Qd5+ Kg7 1/2-1/2

[Event "Pardubice op rap 25th"]
[Site "Pardubice"]
[Date "2014.07.17"]
[Round "4"]
[White "Venkatesh, Marani Rajendran"]
[Black "Bibik, Jura"]
[Result "1-0"]
[WhiteElo "2498"]
[BlackElo "2228"]
[PlyCount "62"]
[EventDate "2014.07.16"]
[EventType "swiss (rapid)"]
[EventRounds "9"]
[EventCountry "CZE"]
[SourceTitle "EXT 2015"]
[Source "ChessBase"]
[SourceDate "2014.11.20"]
[SourceVersion "1"]
[SourceVersionDate "2014.11.20"]
[SourceQuality "1"]

1. e4 e5 2. Nf3 Qe7 3. Nc3 c6 4. d4 d6 5. Bg5 Nf6 6. Be2 h6 7. Bh4 Nbd7 8. Qd2 g6 9. 0-0-0 Bg7 10. dxe5 dxe5 11. a4 0-0 12. Qd6 Qxd6 13. Rxd6 g5 14. Bg3 Re8 15. Rhd1 Bf8 16. R6d3 a5 17. Nd2 Nc5 18. Rf3 Kg7 19. Nc4 Bg4 20. Re3 Bxe2 21. Rxe2 Nxa4 22. Nxa4 b5 23. Nab6 Ra6 24. Bxe5 bxc4 25. Nxc4 Kg6 26. f3 Bb4 27. Bd6 Re6 28. Re3 h5 29. Red3 h4 30. c3 Bxd6 31. Rxd6 a4 1-0

[Event "Pardubice op rap 25th"]
[Site "Pardubice"]
[Date "2014.07.16"]
[Round "3"]
[White "Bibik, Jura"]
[Black "Mindl, Josef"]
[Result "1-0"]
[WhiteElo "2228"]
[BlackElo "2029"]
[PlyCount "117"]
[EventDate "2014.07.16"]
[EventType "swiss (rapid)"]
[EventRounds "9"]
[EventCountry "CZE"]
[SourceTitle "EXT 2015"]
[Source "ChessBase"]
[SourceDate "2014.11.20"]
[SourceVersion "1"]
[SourceVersionDate "2014.11.20"]
[SourceQuality "1"]

1. d4 Nf6 2. Nf3 g6 3. Nbd2 d5 4. e3 Bg7 5. b4 0-0 6. c4 c6 7. Bb2 a6 8. a4 Bf5 9. Be2 Nbd7 10. 0-0 Ne4 11. Nh4 Nxd2 12. Qxd2 Be6 13. c5 Nf6 14. b5 axb5 15. axb5 Qd7 16. Qb4 Ne4 17. Nf3 Bf5 18. Rfd1 h6 19. Ne5 Bxe5 20. dxe5 Ng5 21. h4 Ne4 22. Bd3 Qe6 23. b6 g5 24. Ra7 Rab8 25. Bxe4 Bxe4 26. f3 Bh7 27. Kf2 Qg6 28. Rd2 Qb1 29. hxg5 hxg5 30. Qg4 Qf5 31. Qd4 Bg6 32. Bc3 e6 33. Ra1 Bh7 34. g4 Qg6 35. Kg3 Ra8 36. Rh1 Ra3 37. Rdh2 Rfa8 38. Rxh7 Qxh7 39. Rxh7 Kxh7 40. e4 R8a4 41. Qd2 dxe4 42. Qd7 Rxc3 43. Qxf7+ Kh6 44. Qxe6+ Kg7 45. Qf6+ Kg8 46. Qxg5+ Kh8 47. Qd8+ Kh7 48. Qe7+ Kg6 49. Qe8+ Kg7 50. Qd7+ Kg6 51. Qf5+ Kg7 52. Qg5+ Kf8 53. Qh6+ Kg8 54. Qg6+ Kf8 55. Qf6+ Kg8 56. Qd8+ Kg7 57. e6 Rxf3+ 58. Kh4 Raa3 59. e7 1-0

[Event "Pardubice Czech op-A 24th"]
[Site "Pardubice"]
[Date "2013.07.19"]
[Round "1"]
[White "Bibik, Jura"]
[Black "Simantsev, Mikhail"]
[Result "0-1"]
[WhiteElo "2255"]
[BlackElo "2473"]
[PlyCount "106"]
[EventDate "2013.07.19"]
[EventType "swiss"]
[EventRounds "9"]
[EventCountry "CZE"]
[SourceTitle "CBM 155 Extra"]
[Source "ChessBase"]
[SourceDate "2013.08.26"]
[SourceVersion "1"]
[SourceVersionDate "2013.08.26"]
[SourceQuality "1"]

1. d4 Nf6 2. Nf3 c5 3. d5 d6 4. Nc3 g6 5. e4 Bg7 6. Be2 0-0 7. 0-0 Bg4 8. Nd2 Bxe2 9. Qxe2 Na6 10. Nc4 Nc7 11. a4 Rb8 12. f4 e6 13. dxe6 Nxe6 14. Qd3 Nd4 15. Bd2 b6 16. Rae1 a6 17. Bc1 b5 18. axb5 axb5 19. Nxd6 Qxd6 20. e5 Qc6 21. exf6 Bxf6 22. Ne4 Bg7 23. c3 c4 24. Qh3 Rbe8 25. Ng5 h6 26. Nf3 Ne2+ 27. Kh1 Nxc1 28. Rxc1 Re2 29. Rb1 Rfe8 30. f5 g5 31. Qg4 R8e4 32. Qg3 Bf6 33. Rfe1 Kg7 34. h4 Rxe1+ 35. Rxe1 Rxe1+ 36. Nxe1 Qe4 37. hxg5 hxg5 38. Qf2 Be5 39. Nc2 Kf6 40. Kg1 Qxf5 41. Na3 Bf4 42. g3 Bd6 43. Qxf5+ Kxf5 44. Nxb5 Bxg3 45. Na3 Ke4 46. Kg2 Bb8 47. Nxc4 f5 48. Kf2 f4 49. Nd2+ Kd3 50. Nf3 g4 51. Ng5 Ba7+ 52. Kf1 f3 53. c4 Be3 0-1

[Event "Pardubice op rap 24th"]
[Site "Pardubice"]
[Date "2013.07.18"]
[Round "7"]
[White "Kralovsky, Martin"]
[Black "Bibik, Jura"]
[Result "0-1"]
[WhiteElo "2042"]
[BlackElo "2255"]
[PlyCount "112"]
[EventDate "2013.07.17"]
[EventType "swiss (rapid)"]
[EventRounds "9"]
[EventCountry "CZE"]
[SourceTitle "CBM 155 Extra"]
[Source "ChessBase"]
[SourceDate "2013.08.26"]
[SourceVersion "1"]
[SourceVersionDate "2013.08.26"]
[SourceQuality "1"]

1. d4 d5 2. c4 e6 3. Nc3 Nf6 4. Bg5 Nbd7 5. Rc1 Be7 6. e3 0-0 7. Nf3 a6 8. Bd3 dxc4 9. Bxc4 b5 10. Bd3 Bb7 11. 0-0 c5 12. Bb1 Qb6 13. Ne5 Rad8 14. Qc2 g6 15. Rfd1 cxd4 16. exd4 Rfe8 17. Qe2 b4 18. Na4 Qa5 19. b3 Nxe5 20. dxe5 Rxd1+ 21. Rxd1 Nd5 22. Bd2 Bc6 23. Nb2 Rd8 24. Nc4 Qc5 25. Be3 Nxe3 26. Rxd8+ Bxd8 27. Qxe3 Qd5 28. Qf3 Qxf3 29. gxf3 Bxf3 30. Bd3 a5 31. Nd2 Bd5 32. Nc4 g5 33. h4 gxh4 34. Kh2 Kg7 35. Kh3 Bf3 36. Nd2 Bd5 37. Nc4 h5 38. f4 Bf3 39. Nd6 Bg4+ 40. Kg2 Kf8 41. f5 Bc7 42. fxe6 Bxe6 43. Nf5 Bxe5 44. Nxh4 Ke7 45. Nf3 Bd5 46. Kf2 Bf6 47. Kg3 Kd6 48. Nh4 Ke5 49. Nf5 Be4 50. Bxe4 Kxe4 51. Nd6+ Kd3 52. Nxf7 Kc2 53. Kf4 Kb2 54. Nd6 Bd8 55. Nc4+ Kxa2 56. Nd2 Kb2 0-1

[Event "Pardubice op rap 24th"]
[Site "Pardubice"]
[Date "2013.07.18"]
[Round "5"]
[White "Travkina, Anastasia"]
[Black "Bibik, Jura"]
[Result "1-0"]
[WhiteElo "2216"]
[BlackElo "2255"]
[PlyCount "71"]
[EventDate "2013.07.17"]
[EventType "swiss (rapid)"]
[EventRounds "9"]
[EventCountry "CZE"]
[SourceTitle "CBM 155 Extra"]
[Source "ChessBase"]
[SourceDate "2013.08.26"]
[SourceVersion "1"]
[SourceVersionDate "2013.08.26"]
[SourceQuality "1"]

1. e4 c5 2. Nf3 a6 3. c3 d6 4. d4 Nd7 5. Bd3 g6 6. 0-0 Bg7 7. Bg5 Qb6 8. Nbd2 h6 9. Be3 Ngf6 10. Nc4 Qc7 11. e5 Nd5 12. e6 Nf8 13. exf7+ Kxf7 14. Nh4 Nf6 15. dxc5 dxc5 16. f4 Ng4 17. Ne5+ Bxe5 18. fxe5+ Kg7 19. Bf4 c4 20. Be4 Be6 21. Qf3 Rd8 22. Rae1 Qc5+ 23. Kh1 b5 24. h3 h5 25. Be3 Nxe3 26. Rxe3 Qxe5 27. Bf5 Qf6 28. Bxe6 Qxh4 29. Bd5 Kh6 30. Re5 Rxd5 31. Rxd5 e6 32. Qe3+ Kg7 33. Qe5+ Kg8 34. Rd4 Qe7 35. Rdf4 Nd7 36. Qc7 1-0

[Event "Pardubice op rap 24th"]
[Site "Pardubice"]
[Date "2013.07.17"]
[Round "2"]
[White "Kareva, Natalia"]
[Black "Bibik, Jura"]
[Result "0-1"]
[WhiteElo "2109"]
[BlackElo "2255"]
[PlyCount "70"]
[EventDate "2013.07.17"]
[EventType "swiss (rapid)"]
[EventRounds "9"]
[EventCountry "CZE"]
[SourceTitle "CBM 155 Extra"]
[Source "ChessBase"]
[SourceDate "2013.08.26"]
[SourceVersion "1"]
[SourceVersionDate "2013.08.26"]
[SourceQuality "1"]

1. d4 d5 2. c4 e6 3. Nf3 Nf6 4. g3 Be7 5. Bg2 0-0 6. 0-0 Ne4 7. Nc3 f5 8. Ne5 c6 9. f3 Nxc3 10. bxc3 Nd7 11. cxd5 Nxe5 12. dxe5 cxd5 13. Be3 Qc7 14. Bd4 Bd7 15. a4 b5 16. a5 Rac8 17. Qd2 Bc5 18. Kh1 Bxd4 19. cxd4 Qc3 20. Qf4 Rc4 21. e3 b4 22. Qg5 b3 23. Qe7 b2 24. Rab1 Rc7 25. e4 Bc8 26. Qg5 Ba6 27. Rfd1 Bd3 28. exd5 Bxb1 29. d6 h6 30. Qg6 Bc2 31. Qxe6+ Rcf7 32. Rf1 Qxd4 33. f4 b1Q 34. Rxb1 Bxb1 35. Bd5 Be4+ 0-1

[Event "Pardubice Czech op 22nd"]
[Site "Pardubice"]
[Date "2011.07.22"]
[Round "1"]
[White "Vorobiov, Evgeny E"]
[Black "Bibik, Jura"]
[Result "1-0"]
[WhiteElo "2574"]
[BlackElo "2303"]
[PlyCount "51"]
[EventDate "2011.07.22"]
[EventType "swiss"]
[EventRounds "9"]
[EventCountry "CZE"]
[SourceTitle "CBM 143 Extra"]
[Source "ChessBase"]
[SourceDate "2011.08.29"]
[SourceVersion "1"]
[SourceVersionDate "2011.08.29"]
[SourceQuality "1"]

1. e4 d5 2. exd5 Qxd5 3. Nc3 Qd6 4. d4 Nf6 5. Nf3 c6 6. Bd3 Bg4 7. Be3 Nbd7 8. h3 Bh5 9. Qe2 e6 10. 0-0-0 Nd5 11. Nxd5 cxd5 12. g4 Bg6 13. Ne5 Nxe5 14. dxe5 Bxd3 15. Rxd3 Qa6 16. Kb1 Rc8 17. f4 Be7 18. f5 Rc4 19. Qf2 Ra4 20. a3 b5 21. Rf1 b4 22. Bc5 Bxc5 23. Qxc5 bxa3 24. fxe6 a2+ 25. Ka1 Qxe6 26. Rxd5 1-0

[Event "Pardubice Czech op-A"]
[Site "Pardubice"]
[Date "2009.07.27"]
[Round "4"]
[White "Bibik, Jura"]
[Black "Masse, Hugues"]
[Result "1/2-1/2"]
[WhiteElo "2333"]
[BlackElo "2220"]
[PlyCount "53"]
[EventDate "2009.07.24"]
[EventType "swiss"]
[EventRounds "9"]
[EventCountry "CZE"]
[SourceTitle "CBM 131 Extra"]
[Source "ChessBase"]
[SourceDate "2009.09.03"]
[SourceVersion "2"]
[SourceVersionDate "2009.09.16"]
[SourceQuality "1"]

1. d4 Nf6 2. Nf3 g6 3. Nbd2 d5 4. e3 Bg7 5. b4 0-0 6. c4 a5 7. b5 c5 8. dxc5 Nfd7 9. Rb1 Nxc5 10. Ba3 b6 11. cxd5 Qxd5 12. Bc4 Qh5 13. Nd4 Qxd1+ 14. Rxd1 Bb7 15. 0-0 Rc8 16. Rc1 e5 17. Ne2 Nbd7 18. Nc3 Bf8 19. Rc2 Nf6 20. f3 Rd8 21. Ndb1 Rac8 22. Rd1 Rxd1+ 23. Nxd1 Ne6 24. Bxf8 Kxf8 25. Na3 Ke7 26. Kf2 Bd5 27. Nb2 1/2-1/2

[Event "Pardubice Czech op-A"]
[Site "Pardubice"]
[Date "2009.07.25"]
[Round "2"]
[White "Bibik, Jura"]
[Black "Klecker, Tadeas"]
[Result "1-0"]
[WhiteElo "2333"]
[BlackElo "2159"]
[PlyCount "55"]
[EventDate "2009.07.24"]
[EventType "swiss"]
[EventRounds "9"]
[EventCountry "CZE"]
[SourceTitle "CBM 131 Extra"]
[Source "ChessBase"]
[SourceDate "2009.09.03"]
[SourceVersion "2"]
[SourceVersionDate "2009.09.16"]
[SourceQuality "1"]

1. d4 d5 2. Nf3 Nf6 3. Bf4 c5 4. c3 Nc6 5. e3 Bg4 6. Nbd2 e6 7. Qa4 Nd7 8. Ne5 Ndxe5 9. Bxe5 Bh5 10. Bb5 Qc8 11. Nb3 f6 12. Bg3 c4 13. Na5 Kd7 14. b3 cxb3 15. axb3 Be8 16. Nxc6 bxc6 17. Ba6 Qd8 18. Bb7 Ke7 19. Bxa8 Qxa8 20. Qxa7+ Qxa7 21. Rxa7+ Bd7 22. Kd2 h5 23. h4 g5 24. Rb7 Bg7 25. Ra1 gxh4 26. Raa7 Rd8 27. Bc7 Rc8 28. Bb6 1-0

[Event "Pardubice Czech op"]
[Site "Pardubice"]
[Date "2007.07.27"]
[Round "8"]
[White "Bibik, Jura"]
[Black "Orlov, Andrey"]
[Result "0-1"]
[WhiteElo "2328"]
[BlackElo "2477"]
[PlyCount "78"]
[EventDate "2007.07.20"]
[EventType "swiss"]
[EventRounds "9"]
[EventCountry "CZE"]
[SourceTitle "CBM 119 Extra"]
[Source "ChessBase"]
[SourceDate "2007.09.04"]
[SourceVersion "1"]
[SourceVersionDate "2007.09.04"]
[SourceQuality "1"]

1. d4 Nf6 2. Bf4 d6 3. Nf3 g6 4. e3 Bg7 5. Be2 0-0 6. 0-0 Nfd7 7. h3 e5 8. Bh2 Nc6 9. c4 exd4 10. exd4 Nf6 11. Nc3 Bf5 12. Bf4 Re8 13. Re1 Nb4 14. Rc1 Ne4 15. a3 Nxc3 16. Rxc3 Nc6 17. Re3 Rxe3 18. Bxe3 d5 19. Bd3 Bxd3 20. Qxd3 Qd7 21. Rc1 Rd8 22. cxd5 Qxd5 23. Qc4 h6 24. Qxd5 Rxd5 25. Rc4 f5 26. h4 Kf7 27. Kf1 Ke6 28. Ke2 Kd7 29. a4 a6 30. Kd3 b5 31. axb5 axb5 32. Rc1 Nd8 33. g3 Ne6 34. b4 g5 35. hxg5 hxg5 36. Rb1 g4 37. Nh4 Nxd4 38. Bxd4 Rxd4+ 39. Ke3 Rd5 0-1

[Event "Pardubice op-A"]
[Site "Pardubice"]
[Date "2006.07.24"]
[Round "4"]
[White "Varnavski, Sergei"]
[Black "Bibik, Jura"]
[Result "1-0"]
[WhiteElo "2244"]
[BlackElo "2368"]
[PlyCount "67"]
[EventDate "2006.07.21"]
[EventType "swiss"]
[EventRounds "9"]
[EventCountry "CZE"]
[SourceTitle "CBM 113 Extra"]
[Source "ChessBase"]
[SourceDate "2006.09.14"]
[SourceVersion "1"]
[SourceVersionDate "2006.09.14"]
[SourceQuality "1"]

1. d4 d5 2. c4 c6 3. Nc3 Nf6 4. Nf3 a6 5. a4 e6 6. g3 Bb4 7. Bg2 0-0 8. 0-0 Nbd7 9. Qb3 Qe7 10. Bd2 a5 11. Rfd1 Re8 12. Bf4 b6 13. Na2 Bd6 14. Ne5 Bxe5 15. dxe5 Ng4 16. Qc3 g5 17. h3 Nxf2 18. Kxf2 gxf4 19. gxf4 Qh4+ 20. Qg3+ Qxg3+ 21. Kxg3 Ba6 22. cxd5 exd5 23. e4 f6 24. exd5 fxe5 25. dxc6 exf4+ 26. Kxf4 Nc5 27. Nc3 Ra7 28. Bd5+ Kh8 29. Kg3 Rg7+ 30. Kh2 Nd3 31. Rg1 Rge7 32. Rg3 Ne1 33. Rd1 Bc8 34. Be4 1-0

[Event "Pardubice op-A"]
[Site "Pardubice"]
[Date "2006.07.23"]
[Round "3"]
[White "Bibik, Jura"]
[Black "Lehmann, Holger"]
[Result "1/2-1/2"]
[WhiteElo "2368"]
[BlackElo "2228"]
[PlyCount "47"]
[EventDate "2006.07.21"]
[EventType "swiss"]
[EventRounds "9"]
[EventCountry "CZE"]
[SourceTitle "CBM 113 Extra"]
[Source "ChessBase"]
[SourceDate "2006.09.14"]
[SourceVersion "1"]
[SourceVersionDate "2006.09.14"]
[SourceQuality "1"]

1. e4 e5 2. Nf3 d6 3. Bc4 Nf6 4. Ng5 d5 5. exd5 h6 6. Nf3 e4 7. Ne5 Nbd7 8. d4 Bd6 9. Nxd7 Bxd7 10. Nc3 Qe7 11. h3 a6 12. Be3 b5 13. Bb3 0-0 14. Qd2 a5 15. a4 Bb4 16. 0-0 bxa4 17. Bxa4 Bxa4 18. Rxa4 Qd7 19. Rfa1 Nxd5 20. Qe1 Nb6 21. R4a2 f5 22. Qc1 Bxc3 23. bxc3 Qd5 24. Bf4 1/2-1/2

[Event "Pardubice op-A"]
[Site "Pardubice"]
[Date "2005.07.25"]
[Round "4"]
[White "Sakovich, Igor"]
[Black "Bibik, Jura"]
[Result "1/2-1/2"]
[WhiteElo "2248"]
[BlackElo "2384"]
[PlyCount "35"]
[EventDate "2005.07.22"]
[EventType "swiss"]
[EventRounds "9"]
[EventCountry "CZE"]
[SourceTitle "CBM 107 Extra"]
[Source "ChessBase"]
[SourceDate "2005.09.01"]
[SourceVersion "1"]
[SourceVersionDate "2005.09.01"]
[SourceQuality "1"]

1. d4 Nf6 2. c4 e6 3. Nc3 c5 4. d5 exd5 5. cxd5 Bd6 6. Nf3 Bc7 7. g3 d6 8. Bg2 0-0 9. 0-0 a6 10. a4 Re8 11. h3 Nbd7 12. Qd3 Nf8 13. Nd2 Rb8 14. b3 Bd7 15. Bb2 Ng6 16. f4 b5 17. e4 h5 18. axb5 1/2-1/2

[Event "Pardubice Skanska op"]
[Site "Pardubice"]
[Date "2004.07.24"]
[Round "2"]
[White "Stocek, Jiri"]
[Black "Bibik, Jura"]
[Result "1-0"]
[WhiteElo "2557"]
[BlackElo "2398"]
[PlyCount "68"]
[EventDate "2004.07.23"]
[EventType "swiss"]
[EventRounds "9"]
[EventCountry "CZE"]
[SourceTitle "CBM 101 Extra"]
[Source "ChessBase"]
[SourceDate "2004.09.01"]
[SourceVersion "2"]
[SourceVersionDate "2004.09.01"]
[SourceQuality "1"]

1. d4 f5 2. c4 Nf6 3. Nc3 e6 4. Bg5 Bb4 5. e3 c5 6. Rc1 0-0 7. Bd3 Nc6 8. Nge2 d6 9. a3 Bxc3+ 10. Rxc3 e5 11. Bc2 Qe7 12. 0-0 h6 13. Bxf6 Rxf6 14. Rd3 e4 15. Rd2 cxd4 16. exd4 Rg6 17. Nf4 Rg4 18. Nd5 Qg5 19. g3 f4 20. f3 exf3 21. Qxf3 Bd7 22. Qe4 g6 23. Rxf4 Rxf4 24. Nxf4 Be8 25. d5 Ne5 26. c5 Bd7 27. cxd6 Rf8 28. Re2 Rf5 29. Qe3 Ng4 30. Qe7 Rf7 31. Qxg5 hxg5 32. Ne6 Bb5 33. Bxg6 Rf6 34. Bd3 Bd7 1-0